The jungle book / (Record no. 1691)

MARC details
000 -LEADER
fixed length control field 00845nam a22002177a 4500
005 - DATE AND TIME OF LATEST TRANSACTION
control field 20230915105021.0
020 ## - INTERNATIONAL STANDARD BOOK NUMBER
International Standard Book Number 9788854041790
040 ## - CATALOGING SOURCE
Original cataloging agency FISKH
Transcribing agency FISKH
Language of cataloging eng
Modifying agency FISKH
050 00 - LIBRARY OF CONGRESS CALL NUMBER
Classification number PZ7.K632
082 ## - DEWEY DECIMAL CLASSIFICATION NUMBER
Classification number 823.8
100 1# - MAIN ENTRY--PERSONAL NAME
Personal name Kipling, Rudyard,
Dates associated with a name 1865-1936.
245 14 - TITLE STATEMENT
Title The jungle book /
Statement of responsibility, etc. from the masterpiece by Rudyard Kipling
260 ## - PUBLICATION, DISTRIBUTION, ETC.
Place of publication, distribution, etc. Milan :
Name of publisher, distributor, etc. VMB Publishers,
Date of publication, distribution, etc. 2019
300 ## - PHYSICAL DESCRIPTION
Extent 80 unnumbered pages :
Dimensions 32 cm
520 ## - SUMMARY, ETC.
Summary, etc. A graphical retelling of the classic tale made with alternating text and elaborate illustrations. Mowgli encounters all the surprises and adventures that await him among the pages of Rudyard Kipling's unforgettable Masterpiece.
650 #0 - SUBJECT ADDED ENTRY--TOPICAL TERM
Topical term or geographic name entry element Jungle animals
Form subdivision Fiction.
700 ## - ADDED ENTRY--PERSONAL NAME
Personal name Adreani, Manuela
Relator term illustrator
906 ## - LOCAL DATA ELEMENT F, LDF (RLIN)
a 7
b cbc
c origode
d 5
e ncip
f 19
g y-genmicro
942 ## - ADDED ENTRY ELEMENTS (KOHA)
Source of classification or shelving scheme Dewey Decimal Classification
Koha item type Books
Suppress in OPAC No
999 ## -
-- 1691
-- 1691
Holdings
Withdrawn status Lost status Source of classification or shelving scheme Damaged status Not for loan Collection Home library Current library Shelving location Date acquired Total Checkouts Full call number Barcode Date last seen Date last checked out Price effective from Koha item type
    Dewey Decimal Classification     Juvenile Fiction Footprints International School Library Network Toul Kork Campus Footprints International School Library Network Toul Kork Campus   09/15/2023 1 KIP Fic PZ7.K632 2023-0618 01/12/2024 11/22/2023 09/15/2023 Books